| 000 | 00403 a2200145 4500 | ||
|---|---|---|---|
| 245 |
_aAn Area Of Darkness _hprint |
||
| 020 | _a0375708359 (pbk.) | ||
| 250 | _aVintage Books ed. | ||
| 700 | _aNaipaul, V. S. (Vidiadhar Surajprasad) | ||
| 650 | _aliterature | ||
| 005 | 20191017172445.0 | ||
| 260 |
_anyu _bVintage Books _c2002 |
||
| 084 | _aDS414 .N23 2002 | ||
| 300 |
_a290 p. _b 21 cm. _c290 p. ; 21 cm. |
||
| 500 | _aV.S. Naipaul. | ||
| 999 |
_c8916 _d8916 |
||